Southville International School and Colleges
Your cart is empty.
  • Cart
  • Lists
    Public lists Eva Luna New books Lux_list list_1
    Your lists Log in to create your own lists
  • Log in to your account
  • Your cookies
  • Search history
Southville International School and Colleges
  • Advanced search
  • Recent comments
  • Most popular
  • Libraries

Log in to your account

Log in with GOOGLE


If you do not have an external account, but do have a local account, you can still log in:

  1. Home
  2. MARC view: The Mall from Outer Space /
Normal view MARC view ISBD view

The Mall from Outer Space / (Record no. 1330)

[ view plain ]
MARC details
000 -LEADER
fixed length control field 00518nam a22002057a 4500
003 - CONTROL NUMBER IDENTIFIER
control field OSt
005 - DATE AND TIME OF LATEST TRANSACTION
control field 20140310181706.0
008 - FIXED-LENGTH DATA ELEMENTS--GENERAL INFORMATION
fixed length control field 121122t xxu||||| |||| 00| 0 eng d
020 ## - INTERNATIONAL STANDARD BOOK NUMBER
International Standard Book Number 0590403192
050 ## - LIBRARY OF CONGRESS CALL NUMBER
Classification number PZ 7
Item number .ST897 1987
082 ## - DEWEY DECIMAL CLASSIFICATION NUMBER
Classification number KF
Item number St8m 1987
100 ## - MAIN ENTRY--PERSONAL NAME
Personal name Strasser,Todd
9 (RLIN) 4377
245 ## - TITLE STATEMENT
Title The Mall from Outer Space /
Statement of responsibility, etc Todd Strasser
260 ## - PUBLICATION, DISTRIBUTION, ETC. (IMPRINT)
Place of publication, distribution, etc New York
Name of publisher, distributor, etc Scholastic Inc.
Date of publication, distribution, etc c1987.
300 ## - PHYSICAL DESCRIPTION
Extent 110 p. :
Dimensions 19cm
526 ## - STUDY PROGRAM INFORMATION NOTE
Reading level 730L-850L
541 ## - IMMEDIATE SOURCE OF ACQUISITION NOTE
-- 1
562 ## - COPY AND VERSION IDENTIFICATION NOTE
Number of copies 1
942 ## - ADDED ENTRY ELEMENTS (KOHA)
Source of classification or shelving scheme Library of Congress Classification
Koha item type
Call number prefix
Holdings
Withdrawn status Lost status Source of classification or shelving scheme Damaged status Home library Current library Shelving location Date acquired Total Checkouts Full call number Barcode Date last seen Copy number Price effective from Koha item type
    Library of Congress Classification   Luxembourg Library Luxembourg Library Kids Fiction Section 11/22/2012   PZ 7 .St897 1987 5875 08/13/2013 1 10/03/2013 Books

The Mall from Outer Space /

APA

Strasser T., . (1987). The Mall from Outer Space. New York: Scholastic Inc.

Chicago

Strasser Todd, . 1987. The Mall from Outer Space. New York: Scholastic Inc.

Harvard

Strasser T., . (1987). The Mall from Outer Space. New York: Scholastic Inc.

MLA

Strasser Todd, . The Mall from Outer Space. New York: Scholastic Inc. 1987.

  • Place hold
  • Print
  • Cite
  • Add to your cart (remove)
  • Save record
    BIBTEX Dublin Core MARCXML MARC (non-Unicode/MARC-8) MARC (Unicode/UTF-8) MARC (Unicode/UTF-8, Standard) MODS (XML) RIS
  • More searches
    Search for this title in:
    Other Libraries (WorldCat) Other Databases (Google Scholar) Online Stores (Bookfinder.com) Open Library (openlibrary.org)

Exporting to Dublin Core...

SOUTHVILLE LIBRARY

Southville International School and Colleges Library

1281 Tropical Ave. Cor. Luxembourg St., BF Homes International, Las Pinas City

Tel. No. 8256374 / 252358 Loc. 117/146

Powered by Koha